000 01502nam a22002537a 4500
001 9604
003 FISKH
005 20260126093933.0
008 260126b cb ||||| |||| 00| 0 eng d
020 _a9780261102354
040 _aFISKH
_beng
_cFISKH
_dFISKH
050 _aPR6039 .O32
082 _a823.912
100 _aTolkien , J. R. R.
245 _aThe fellowship of the ring /
_cBy J. R. R. Tolkien
260 _aLondon :
_bHarper Collins Publishers ,
_c1954 .
300 _a531 pages :
_billustrations , maps ;
_c18 cm .
490 _aThe Lord of the Rings
_v(1)
520 _aOne Ring to rule them all, One Ring to find them, One Ring to bring them all and in the darkness bind them. In ancient times the Rings of Power were crafted by the Elven-smiths, and Sauron, the Dark Lord, forged the One Ring, filling it with his own power so that he could rule all others. But the One Ring was taken from him, and though he sought it throughout Middle-earth, it remained lost to him. After many ages it fell into the hands of Bilbo Baggins, as told in The Hobbit. In a sleepy village in the Shire, young Frodo Baggins finds himself faced with an immense task, as his elderly cousin Bilbo entrusts the Ring to his care. Frodo must leave his home and make a perilous journey across Middle-earth to the Cracks of Doom, there to destroy the Ring and foil the Dark Lord in his evil purpose.
650 _aClassic
_vFiction
650 _aHobbits
_vFiction
942 _2ddc
_cBK
_n0
999 _c9604
_d9604